000 01055pam a2200325 a 4500
001 3977151
003 OSt
005 20260216072607.0
008 950608s1996 maua 001 0 eng
020 _a0201473860
020 _a9780201473865
035 _a3977151
040 _aDLC
_cDLC
_dDLC
050 0 0 _aHB172.5
_b.P36 1999
082 0 0 _a339
_220
100 1 _aParkin, Michael,
_d1939-
245 1 0 _aMacroeconomics /
_cMichael Parkin.
250 _a5th ed.
260 _aReading, Mass. :
_bAddison-Wesley Pub. Co.,
_cc1999.
300 _axxxvii, 505 p. :
_bill. (some col.) ;
_c26 cm.
336 _atext
_btxt
_2rdacontent
337 _aunmediated
_bn
_2rdamedia
338 _avolume
_bnc
_2rdacarrier
500 _aIncludes index.
650 0 _aMacroeconomics.
906 _a7
_bcbc
_corignew
_d1
_eocip
_f19
_gy-gencatlg
942 _2lcc
_cBK
999 _c265887
_d265886